000 01872nam a2200445 c 4500
003 BLK
005 20180422111524.0
008 180409b bul|||||r ||||||| ||bul||
010 _aKNG00136633000
020 _a978-954-320-396-3
_bиздат.: Рива
040 _aBLK
041 _aBUL
_cBUL
072 7 _2bullib
_aН92
_xИстория Н
080 _aИстория на еврейския народ
_b94(=411.16)
_x
_z94(=411.16)
080 _aЕврейска религия. Юдаизъм-Тора, пророци, Писания(Танах(Тенак)или Библия). Талмуд, Мидраш, Зоар(Устния закон). Секти(самаряни, фарисеи, садукеи, есейски и кумрански общини, прозелити. Халак
_b26
_x
_z26
100 1 _aАнсел, Стефан
_eпърви автор
_932611
700 1 _aАнгелов, Георги
_eпрев. от фр.
_9368651
139 _aАнсел, Стефан
_bА 73
245 1 0 _aЕвреите
_cСтефан Ансел; прев. от фр. Георги Ангелов.
257 _aBGR
260 София
_bРива
_c2012
300 _a408 с.
_bсъс сх., сн., табл.
_c23 см
380 _a3
500 _aОриг. загл. Les Hebreux / Stephane Encel. - Бел. под линия. - Библиогр. с. 399-403. - Съдържа и за авт.
650 4 _aЮдаистика
_9177985
650 4 _aЮдаизъм
_9177984
650 4 _aЕвреи
_9154126
651 4 _aИзраел
_9178932
651 4 _aПалестина
_9179329
653 _aевреи
653 _aюдаизъм
653 _aюдаистика
653 _aистория
659 _aН
852 _aЦб 257210
856 4 _qpdf
_u
856 4 _qpdf
_u
942 _cKNG
_n0
944 _aCR
_c30.11.2012
_lф /
_kЛюдмила_Стоянова
944 _aED
_c05.07.2013
_lф /
_k
999 _c130840
_d130840